Human development : (Record no. 842)

MARC details
000 -LEADER
fixed length control field 00795cam a22002774a 4500
005 - DATE AND TIME OF LATEST TRANSACTION
control field 20260322212036.0
008 - FIXED-LENGTH DATA ELEMENTS--GENERAL INFORMATION
fixed length control field data
010 ## - LIBRARY OF CONGRESS CONTROL NUMBER
LC control number 00027448
020 ## - INTERNATIONAL STANDARD BOOK NUMBER
International Standard Book Number 0130185655
020 ## - INTERNATIONAL STANDARD BOOK NUMBER
International Standard Book Number 9780130185655
040 ## - CATALOGING SOURCE
Original cataloging agency DLC
Transcribing agency DLC
Modifying agency DLC
042 ## - AUTHENTICATION CODE
Authentication code pcc
050 00 - LIBRARY OF CONGRESS CALL NUMBER
Classification number BF713
Item number .R52 2001
082 00 - DEWEY DECIMAL CLASSIFICATION NUMBER
Classification number 305.2
Edition information 21
096 ## - LOCALLY ASSIGNED NLM-TYPE CALL NUMBER (OCLC)
Classification number WM 100 R52 2001
001 - CONTROL NUMBER
control field data
100 1# - MAIN ENTRY--PERSONAL NAME
Personal name Rice, F. Philip.
245 10 - TITLE STATEMENT
Title Human development :
Remainder of title a life-span approach /
Statement of responsibility, etc. F. Philip Rice.
250 ## - EDITION STATEMENT
Edition statement 4th ed.
260 ## - PUBLICATION, DISTRIBUTION, ETC.
Place of publication, distribution, etc. Upper Saddle River, N.J. :
Name of publisher, distributor, etc. Prentice Hall,
Date of publication, distribution, etc. c2001.
300 ## - PHYSICAL DESCRIPTION
Extent xxiii, 677 p. :
Other physical details col. ill. ;
Dimensions 29 cm.
504 ## - BIBLIOGRAPHY, ETC. NOTE
Bibliography, etc. note Includes bibliographical references (p. 591-642) and indexes.
650 #0 - SUBJECT ADDED ENTRY--TOPICAL TERM
Topical term or geographic name entry element Developmental psychology.
650 #0 - SUBJECT ADDED ENTRY--TOPICAL TERM
Topical term or geographic name entry element Life cycle, Human.
650 #0 - SUBJECT ADDED ENTRY--TOPICAL TERM
Topical term or geographic name entry element Developmental psychobiology.
Holdings
Withdrawn status Lost status Damaged status Not for loan Home library Current library Shelving location Date acquired Total checkouts Full call number Barcode Date last seen Price effective from Koha item type
        Centerville Centerville General stacks 22/03/2026   305.2 21 BC0010867 22/03/2026 22/03/2026 Books